000 00313nam a2200121Ia 4500
008 220204s9999 xx 000 0 und d
082 _a301.001.5
_bBOG
100 _aBogdoan, R
245 0 _aIntroduction to qualitative research methods
260 _aNew York
_bJohn Wiley
_c1975
700 _aTaylor
942 _cBK
999 _c29181
_d29181